000 00260nam a2200097Ia 4500
001 796694
005 20250826170753.0
008 250824s9999 xx 000 0 und d
245 0 _aKARAGÖZ İLE HACIVAT
_cZEYNEP GÜLSÜM SAĞLAM
260 _bSEDİR YAYINLARI A.Ş.
999 _c796694
_d796694